00000000nam 2200000za 4500
0019.643620
003CaOODSP
00520210624224243
007cr |||||||||||
008150407s1992    quc     o    f|0| 0 fre d
020 |a978-0-660-67485-8
040 |aCaOODSP|bfre
043 |an-cn---
0861 |aCo28-1/87-1992F-PDF
24500|aThesaurus des sciences et des technologies de l'information |h[ressource électronique] / |cPréparé sous la direction de Denis Beauchemin.
260 |aLaval - Québec : |bCommunications Canada. |c1992.
300 |a163p.
500 |a«Numérisé par Éditions et Services de dépôt, Travaux publics et Services gouvernementaux Canada - 2014»
590 |a14-18-Supp|b2014-10-15
69107|aTechnologie de l'information|2gcpds
69107|aInformation|2gcpds
69107|aTerminologie|2gcpds
7102 |aCentre canadien de recherche sur l'informatisation du travail.
7101 |aCanada. |bCommunications Canada.
77508|tThesaurus of information sciences and technologies / |w(CaOODSP)9.699644
7760#|tThesaurus of information sciences and technologies / |w(CaOODSP)9.653011
7760#|tThesaurus des sciences et des technologies de l'information / |w(CaOODSP)9.653012
85640|qPDF|s5.30 Mo|uhttps://publications.gc.ca/collections/collection_2014/tpsgc-pwgsc/Co28-1-87-1992-fra.pdf